000 00321nam a2200133Ia 4500
005 20260328104338.0
008 260328s9999||||xx |||||||||||||| ||und||
100 _aCullen, Gordon
245 0 _aTownscape /
_cGordon Cullen
260 _bThe architectural Press
300 _a313 p.
650 _aPAISAJISMO
942 _cBK
999 _c12010
_d12010